[Event "Palma de Mallorca Arenal op"]
[Site "Palma de Mallorca"]
[Date "2016.10.23"]
[Round "7"]
[White "Ramis Vidal, Guillem"]
[Black "Cisneros Serra, Javier"]
[Result "0-1"]
[WhiteElo "1228"]
[BlackElo "1616"]
[PlyCount "64"]
[EventDate "2016.10.20"]
[EventType "swiss"]
[EventRounds "7"]
[EventCountry "ESP"]
[SourceTitle "EXT 2018"]
[Source "ChessBase"]
[SourceDate "2017.10.13"]
[SourceVersion "1"]
[SourceVersionDate "2017.10.13"]
[SourceQuality "1"]

1. e4 c5 2. Nf3 d6 3. d4 cxd4 4. Nxd4 Nf6 5. Nc3 Nc6 6. Bb5 Bd7 7. Be3 Ng4 8. Qd3 Nxe3 9. Qxe3 g6 10. 0-0 Bg7 11. Nce2 0-0 12. Bc4 a6 13. c3 Rc8 14. Bb3 b5 15. a4 Qb6 16. Qd3 Na5 17. axb5 Nxb3 18. Nxb3 Bxb5 19. Qe3 Qxe3 20. fxe3 Bxe2 21. Rfe1 Bc4 22. Nd4 Bf6 23. b3 Bxb3 24. Rxa6 Rxc3 25. Rc6 Rxc6 26. Nxc6 Rc8 27. Rb1 Bc2 28. Rb6 Bxe4 29. Rb8 Rxb8 30. Nxb8 Kg7 31. Nd7 Bg5 32. Kf2 Bc6 0-1

[Event "Palma de Mallorca Arenal op"]
[Site "Palma de Mallorca"]
[Date "2016.10.22"]
[Round "4"]
[White "Ramis Vidal, Guillem"]
[Black "Alemany Ramon, Angel"]
[Result "0-1"]
[WhiteElo "1228"]
[BlackElo "1367"]
[PlyCount "58"]
[EventDate "2016.10.20"]
[EventType "swiss"]
[EventRounds "7"]
[EventCountry "ESP"]
[SourceTitle "EXT 2018"]
[Source "ChessBase"]
[SourceDate "2017.10.13"]
[SourceVersion "1"]
[SourceVersionDate "2017.10.13"]
[SourceQuality "1"]

1. e4 d6 2. d4 Nf6 3. Nc3 g6 4. Nf3 Bg7 5. h3 0-0 6. Bc4 Nc6 7. 0-0 a6 8. a4 Qe8 9. Re1 e5 10. d5 Ne7 11. Bg5 Nh5 12. Bxe7 Qxe7 13. Qd2 Nf4 14. Nh2 Qg5 15. Ng4 Nxh3+ 16. gxh3 Qxd2 17. Ne3 Qd4 18. b4 Qxc3 19. b5 Bxh3 20. Red1 Bh6 21. Rd3 Qxa1+ 22. Kh2 Bxe3 23. Rxe3 Bf1 24. Bb3 Qc1 25. Rc3 Qh6+ 26. Kg1 Bh3 27. Rg3 axb5 28. axb5 Ra1+ 29. Kh2 Bg4+ 0-1